000 00558nam a22001937a 4500
999 _c6043
_d6043
003 GBCCL
005 20241126110554.0
008 180423b ||||| |||| 00| 0 eng d
040 _cgbc
082 _a261.27
_bJAD
100 _aJadeed, Iskander
_910673
245 _aTest everything, hold on to the good /
_cIskander Jadeed
260 _aSwitzerland:
_bGood Way
300 _a107 p.;
_c18 cm.
650 _aChristianity & other religions
_vIslam
_910896
650 _aIslam
_vRelations
_xChristianity
_910897
650 _aApologetics
_985
942 _2ddc
_cBK
_01